Statistics for Animal Close-Ups #1

Click here to take the quiz!

General Stats

  • This quiz has been taken 37 times
  • The average score is 12 of 12

Answer Stats

Answer% Correct
Cow
100%
Dolphin
100%
Goldfish
100%
Horse
100%
Mouse
100%
Rabbit
100%
Sheep
100%
Springer Spaniel
100%
Goat
97%
Cat
94%
Guinea Pig
90%
Kingfisher
90%

Score Distribution

Percentile by Number Answered

Percent of People with Each Score

Your Score History

You have not taken this quiz